000 00569nam a2200205Ia 4500
005 20250508160802.0
008 008 250505s9999 xx 000 0 eng d
037 _aTextual
040 _aFEDL
_beng
_cFEDL
041 _aeng
_2eng
084 _a150.72, SHE
_qFEDL
100 _aSheridan Charles L
245 0 _aFundamentals of experimental psychology
260 _aNew York, USA
_bHolt, Rinehart and Winston
_c1971
300 _axii,402p.
365 _aUSD
_b9
650 _aPsychology
942 _cTEXL
_h150.72, SHE
999 _c1366615
_d1366615